[Event "Calgary op"]
[Site "Calgary"]
[Date "2010.05.22"]
[Round "4"]
[White "Wang, Richard"]
[Black "Me, Kevin"]
[Result "1-0"]
[WhiteElo "2149"]
[BlackElo "2103"]
[PlyCount "107"]
[EventDate "2010.05.20"]
[EventType "swiss"]
[EventRounds "9"]
[EventCountry "CAN"]
[SourceTitle "CBM 136 Extra"]
[Source "ChessBase"]
[SourceDate "2010.07.02"]
[SourceVersion "2"]
[SourceVersionDate "2010.07.15"]
[SourceQuality "1"]

1. d4 Nf6 2. Nf3 g6 3. Bg5 Bg7 4. Nbd2 c5 5. Bxf6 Bxf6 6. Ne4 Bxd4 7. Nxd4 cxd4 8. Qxd4 0-0 9. 0-0-0 Nc6 10. Qd2 Qa5 11. Nc3 d6 12. h4 Be6 13. h5 Ne5 14. e4 Rac8 15. f4 Ng4 16. hxg6 fxg6 17. f5 Rxc3 18. Qxc3 Qxc3 19. bxc3 Nf2 20. fxe6 Nxh1 21. Bc4 Nf2 22. Rd4 Ng4 23. Bd5 b6 24. Rc4 Rf1+ 25. Kb2 Ne3 26. Rc7 Kf8 27. Rxa7 Nxd5 28. exd5 Rg1 29. Rb7 Rxg2 30. Rxb6 h5 31. a4 h4 32. a5 h3 33. a6 h2 34. a7 h1Q 35. a8Q+ Kg7 36. Qe8 Rg1 37. Qxe7+ Kh6 38. Qxd6 Rb1+ 39. Ka2 Ra1+ 40. Kb3 Rb1+ 41. Ka4 Rxb6 42. Qxb6 Qxd5 43. Qe3+ g5 44. e7 Qc6+ 45. Kb3 Qb5+ 46. Ka3 Qa5+ 47. Kb2 Qb5+ 48. Kc1 Qe8 49. Qe6+ Kg7 50. c4 g4 51. Qxg4+ Kf7 52. Qh5+ Kxe7 53. Qxe8+ Kxe8 54. Kd2 1-0

[Event "Wch U18"]
[Site "Kemer"]
[Date "2009.11.14"]
[Round "3"]
[White "Celis, Joel Chang"]
[Black "Me, Kevin"]
[Result "1/2-1/2"]
[WhiteElo "1698"]
[BlackElo "2119"]
[PlyCount "172"]
[EventDate "2009.11.12"]
[EventType "swiss"]
[EventRounds "11"]
[EventCountry "TUR"]
[SourceTitle "EXT 2010"]
[Source "ChessBase"]
[SourceDate "2010.11.25"]
[SourceVersion "1"]
[SourceVersionDate "2010.11.25"]
[SourceQuality "1"]

1. Nf3 Nf6 2. e3 g6 3. b3 Bg7 4. Bb2 0-0 5. Be2 d6 6. d4 Nbd7 7. 0-0 Qe8 8. Nbd2 e5 9. dxe5 dxe5 10. Nc4 e4 11. Nd4 a6 12. c3 c5 13. Nc2 b5 14. Nd6 Qe6 15. c4 b4 16. a3 bxa3 17. Rxa3 Rd8 18. Nxc8 Raxc8 19. Qa1 Nb8 20. Rd1 Ne8 21. Bxg7 Nxg7 22. b4 Qb6 23. Rxd8+ Qxd8 24. bxc5 Qd2 25. Nd4 Rxc5 26. Qb1 Rc8 27. Ra2 Qc3 28. Rc2 Qa5 29. Qb7 Qc5 30. Qxe4 Ne8 31. Qd5 Qb4 32. g3 Nc7 33. Qe4 a5 34. Rc1 a4 35. Rb1 Qc5 36. Qc2 a3 37. Qb3 Nd7 38. Ra1 Ra8 39. Nc2 a2 40. Rxa2 Rb8 41. Qa3 Rb1+ 42. Kg2 Qc6+ 43. f3 Qf6 44. Nd4 Qe5 45. Qd3 Rb6 46. Nb5 Nf8 47. Nxc7 Qxc7 48. Rd2 Qe7 49. Qd4 Rb3 50. Kf2 Ne6 51. Qe5 Qb4 52. Qd5 Rb1 53. Qd3 Rc1 54. Rd1 Rc3 55. Qd2 Qa3 56. Rb1 h5 57. Rb8+ Kg7 58. Qb2 Qxb2 59. Rxb2 Kf6 60. Rd2 Nc5 61. h3 Ke6 62. g4 hxg4 63. hxg4 f6 64. e4 g5 65. Ke1 Nd7 66. Rd3 Rc2 67. Kd1 Ra2 68. Rc3 Nc5 69. Bd3 Ke5 70. Bc2 Kd4 71. Kd2 Ra1 72. Bb3 Rf1 73. Bc2 Rf2+ 74. Ke1 Kxc3 75. Kxf2 Kxc2 76. Ke3 Ne6 77. e5 fxe5 78. Ke4 Nd4 79. Kxe5 Kc3 80. c5 Kc4 81. c6 Nxc6+ 82. Kf5 Nd4+ 83. Kxg5 Nxf3+ 84. Kf4 Nh4 85. g5 Kd5 86. Kg4 Ng6 1/2-1/2

[Event "CAN-ch U18"]
[Site "Victoria"]
[Date "2009.07.23"]
[Round "6"]
[White "Kaminski, Victor Kazimierz"]
[Black "Me, Kevin"]
[Result "1-0"]
[WhiteElo "2328"]
[BlackElo "2124"]
[PlyCount "175"]
[EventDate "2009.07.21"]
[EventType "tourn"]
[EventRounds "7"]
[EventCountry "CAN"]
[SourceTitle "EXT 2011"]
[Source "ChessBase"]
[SourceDate "2010.11.26"]
[SourceVersion "1"]
[SourceVersionDate "2010.11.26"]
[SourceQuality "1"]

1. c4 Nf6 2. g3 g6 3. Bg2 Bg7 4. Nc3 0-0 5. Nf3 d6 6. 0-0 Nc6 7. d3 e5 8. Rb1 a5 9. a3 Nh5 10. b4 axb4 11. axb4 f5 12. Bg5 Bf6 13. Bxf6 Nxf6 14. b5 Ne7 15. Ra1 Rxa1 16. Qxa1 c6 17. Qa7 Nd7 18. bxc6 bxc6 19. Ng5 Rf6 20. Rb1 h6 21. Nf3 d5 22. cxd5 cxd5 23. Nxd5 Nxd5 24. Qa2 N7b6 25. e4 Be6 26. Qa5 fxe4 27. dxe4 Qd6 28. exd5 Bxd5 29. Rxb6 Qxb6 30. Qxd5+ Kf8 31. Qxe5 g5 32. h3 Kf7 33. Qe3 Qxe3 34. fxe3 Ra6 35. Nd4 Kf6 36. g4 Ke5 37. Kf2 Rf6+ 38. Kg3 Rf8 39. Ne2 Rd8 40. Ng1 Rd3 41. Nf3+ Kf6 42. e4 Ra3 43. Bf1 Rc3 44. Bb5 Ke6 45. Be8 Ra3 46. Bg6 Kf6 47. Bf5 Ke7 48. e5 Kf7 49. Kf2 Ke7 50. h4 gxh4 51. Nxh4 Ra6 52. Kg3 Ra3+ 53. Kf4 Ra4+ 54. Be4 Ke6 55. Nf5 Ra5 56. Nxh6 Rxe5 57. Bf5+ Kd5 58. g5 Re7 59. g6 Rg7 60. Nf7 Kd4 61. Kg5 Rxg6+ 62. Bxg6 Ke3 63. Bf5 Kd4 64. Kf4 Kd5 65. Ke3 Kc4 66. Be4 Kc3 67. Bd3 Kb4 68. Kd4 Kb3 69. Ne5 Kb4 70. Bc4 Ka4 71. Nc6 Ka3 72. Kc3 Ka4 73. Bd3 Ka3 74. Nd4 Ka2 75. Nb3 Ka3 76. Bb1 Ka4 77. Kc4 Ka3 78. Kc3 Ka4 79. Nd4 Ka3 80. Nb5+ Ka4 81. Kc4 Ka5 82. Kc5 Ka4 83. Bc2+ Ka5 84. Nd6 Ka6 85. Be4 Ka5 86. Bc6 Ka6 87. Bb5+ Ka7 88. Kc6 1-0

[Event "CAN-ch U18"]
[Site "Victoria"]
[Date "2009.07.22"]
[Round "3"]
[White "Xu, Haizhou"]
[Black "Me, Kevin"]
[Result "0-1"]
[WhiteElo "1704"]
[BlackElo "2124"]
[PlyCount "106"]
[EventDate "2009.07.21"]
[EventType "tourn"]
[EventRounds "7"]
[EventCountry "CAN"]
[SourceTitle "EXT 2011"]
[Source "ChessBase"]
[SourceDate "2010.11.26"]
[SourceVersion "1"]
[SourceVersionDate "2010.11.26"]
[SourceQuality "1"]

1. e4 c5 2. Nf3 a6 3. c4 e6 4. Nc3 Nc6 5. d4 cxd4 6. Nxd4 Qc7 7. Nc2 Nf6 8. Be2 d6 9. 0-0 Be7 10. Be3 b6 11. f3 0-0 12. Qd2 Rd8 13. Rfd1 Bb7 14. Rac1 Rac8 15. Bf1 Ne5 16. Nd4 Nfd7 17. h3 Qb8 18. b3 Nf6 19. Qf2 Ned7 20. g4 g6 21. Bg2 Qa8 22. Nde2 Nc5 23. Ng3 a5 24. g5 Ne8 25. f4 Nc7 26. Nd5 exd5 27. exd5 Bf8 28. Bd4 Ne8 29. f5 Rc7 30. Rc3 b5 31. Rf1 Bg7 32. Bxg7 Nxg7 33. Be4 bxc4 34. bxc4 Qc8 35. fxg6 hxg6 36. Rf3 Ba6 37. Rxf7 Bxc4 38. Qf6 Rxf7 39. Qxf7+ Kh8 40. Rf2 Nxe4 41. Nxe4 Bd3 42. Qxg6 Bxe4 43. Qxe4 Qc1+ 44. Kh2 Qxg5 45. Qc4 Qe5+ 46. Kh1 Nh5 47. Rf3 Rg8 48. Qc3 Qxc3 49. Rxc3 Rg5 50. Rc7 Rxd5 51. Kg2 Nf6 52. Kf3 Rf5+ 53. Ke2 Kg8 0-1

[Event "Canadian op"]
[Site "Edmonton"]
[Date "2009.07.19"]
[Round "9"]
[White "Newton, Geoff"]
[Black "Me, Kevin"]
[Result "0-1"]
[WhiteElo "1953"]
[BlackElo "2145"]
[PlyCount "42"]
[EventDate "2009.07.11"]
[EventType "swiss"]
[EventRounds "9"]
[EventCountry "CAN"]
[SourceTitle "CBM 132 Extra"]
[Source "ChessBase"]
[SourceDate "2009.11.03"]
[SourceVersion "1"]
[SourceVersionDate "2009.11.03"]
[SourceQuality "1"]

1. d4 Nf6 2. c4 g6 3. Nc3 Bg7 4. e4 d6 5. f4 0-0 6. Nf3 c5 7. d5 Na6 8. Be2 Bd7 9. 0-0 Qb6 10. Rb1 Ng4 11. Nb5 Bxb5 12. cxb5 Nc7 13. Bc4 Nxb5 14. h3 Nf6 15. Re1 Nc3 16. Qc2 Nxb1 17. Qxb1 Qb4 18. Nd2 b5 19. a3 Qa5 20. e5 bxc4 21. exf6 Bxf6 0-1

[Event "Calgary CICC op"]
[Site "Calgary"]
[Date "2009.05.18"]
[Round "9"]
[White "Kustar, Sandor"]
[Black "Me, Kevin"]
[Result "1-0"]
[WhiteElo "2335"]
[BlackElo "2116"]
[PlyCount "40"]
[EventDate "2009.05.14"]
[EventType "swiss"]
[EventRounds "9"]
[EventCountry "CAN"]
[SourceTitle "CBM 130 Extra"]
[Source "ChessBase"]
[SourceDate "2009.07.02"]
[SourceVersion "2"]
[SourceVersionDate "2009.07.15"]
[SourceQuality "1"]

1. Nf3 c5 2. c4 d6 3. d4 cxd4 4. Nxd4 Nc6 5. g3 Nf6 6. Nc3 Bd7 7. Bg2 Rc8 8. Nc2 g6 9. b3 Bg7 10. Bd2 0-0 11. 0-0 Be6 12. e4 Nd7 13. Rb1 a5 14. Qe2 Nc5 15. Rfd1 Qb6 16. Be1 Rfe8 17. h3 Qa6 18. Nd5 Bxd5 19. exd5 Ne5 20. Nd4 Ned7 1-0

[Event "Calgary CICC op"]
[Site "Calgary"]
[Date "2009.05.18"]
[Round "8"]
[White "Me, Kevin"]
[Black "Kaminski, Victor Kazimierz"]
[Result "0-1"]
[WhiteElo "2116"]
[BlackElo "2244"]
[PlyCount "66"]
[EventDate "2009.05.14"]
[EventType "swiss"]
[EventRounds "9"]
[EventCountry "CAN"]
[SourceTitle "CBM 130 Extra"]
[Source "ChessBase"]
[SourceDate "2009.07.02"]
[SourceVersion "2"]
[SourceVersionDate "2009.07.15"]
[SourceQuality "1"]

1. e4 c5 2. Nf3 Nc6 3. d4 cxd4 4. Nxd4 Nf6 5. Nc3 g6 6. Be3 Bg7 7. Be2 0-0 8. 0-0 d6 9. h3 Bd7 10. Qd2 Qa5 11. Nb3 Qd8 12. f4 Be6 13. Bf3 Bc4 14. Rfe1 Nd7 15. Nd4 Nxd4 16. Bxd4 e5 17. Bf2 exf4 18. Qxd6 Ne5 19. Qxd8 Rfxd8 20. Rad1 Nxf3+ 21. gxf3 Rxd1 22. Rxd1 Bxc3 23. bxc3 Bxa2 24. Ra1 Be6 25. Rxa7 Rxa7 26. Bxa7 Bxh3 27. c4 Bd7 28. Bd4 g5 29. c5 h6 30. c3 Kh7 31. Kg2 Kg6 32. Kf2 Bc6 33. Be5 f5 0-1

[Event "CAN-ch U16"]
[Site "Quebec"]
[Date "2008.07.15"]
[Round "4"]
[White "Lee, Bryan Tsz Hou"]
[Black "Me, Kevin"]
[Result "0-1"]
[WhiteElo "1845"]
[BlackElo "1880"]
[PlyCount "82"]
[EventDate "2008.07.14"]
[EventType "swiss"]
[EventRounds "7"]
[EventCountry "CAN"]
[SourceTitle "EXT 2011"]
[Source "ChessBase"]
[SourceDate "2010.11.26"]
[SourceVersion "1"]
[SourceVersionDate "2010.11.26"]
[SourceQuality "1"]

1. e4 c5 2. Nf3 d6 3. d4 cxd4 4. Nxd4 Nf6 5. Nc3 a6 6. Be3 e5 7. Nb3 Be6 8. f3 Nbd7 9. Qd2 Qc7 10. g4 Nc5 11. h4 b5 12. g5 Nfd7 13. 0-0-0 Bxb3 14. axb3 b4 15. Bxc5 bxc3 16. Qd5 Rc8 17. Bxa6 Qa5 18. bxc3 Qxa6 19. Bb4 Be7 20. c4 Nc5 21. Bc3 0-0 22. Rhg1 Ne6 23. Rdf1 Nf4 24. Qd1 Qa7 25. Qe1 Ra8 26. Rh1 Qc5 27. Qf2 Qa3+ 28. Bb2 Qb4 29. Qd2 Qb7 30. Qf2 Ra2 31. Rd1 Rc8 32. Qf1 Qb6 33. Re1 Rca8 34. Qg1 Qb4 35. h5 Bd8 36. g6 Bb6 37. gxf7+ Kxf7 38. Qg4 Ra1+ 39. Bxa1 Rxa1+ 40. Kb2 Bd4+ 41. c3 Qxc3# 0-1

[Event "Canadian op U2000"]
[Site "Kitchener"]
[Date "2006.07.20"]
[Round "6"]
[White "Gaciu, Vlad"]
[Black "Me, Kevin"]
[Result "1-0"]
[WhiteElo "1701"]
[BlackElo "1817"]
[PlyCount "41"]
[EventDate "2006.07.15"]
[EventType "swiss"]
[EventRounds "9"]
[EventCountry "CAN"]
[SourceTitle "CBM 113 Extra"]
[Source "ChessBase"]
[SourceDate "2006.09.14"]
[SourceVersion "1"]
[SourceVersionDate "2006.09.14"]
[SourceQuality "1"]

1. e4 c5 2. f4 d6 3. Nf3 Nc6 4. Bb5 Bd7 5. Nc3 g6 6. d3 Bg7 7. Bxc6 bxc6 8. 0-0 Rb8 9. Qe1 e6 10. f5 exf5 11. exf5+ Qe7 12. Ne4 d5 13. Qg3 Rb6 14. Nd6+ Kf8 15. fxg6 hxg6 16. Nxf7 Rh5 17. N3e5 Bf5 18. Nxg6+ Bxg6 19. Nh8+ Qf7 20. Qd6+ Ke8 21. Nxf7 1-0

[Event "Canadian op U2000"]
[Site "Kitchener"]
[Date "2006.07.16"]
[Round "2"]
[White "O'Brien, Frank"]
[Black "Me, Kevin"]
[Result "1/2-1/2"]
[WhiteElo "1622"]
[BlackElo "1817"]
[PlyCount "72"]
[EventDate "2006.07.15"]
[EventType "swiss"]
[EventRounds "9"]
[EventCountry "CAN"]
[SourceTitle "CBM 113 Extra"]
[Source "ChessBase"]
[SourceDate "2006.09.14"]
[SourceVersion "1"]
[SourceVersionDate "2006.09.14"]
[SourceQuality "1"]

1. d4 Nf6 2. c4 g6 3. g3 Bg7 4. Bg2 d6 5. Nc3 0-0 6. Nf3 Nbd7 7. 0-0 c5 8. e4 cxd4 9. Nxd4 Qc7 10. Be3 Qxc4 11. Rc1 Qc7 12. Nd5 Qd8 13. Nc7 Rb8 14. Ndb5 a6 15. Na7 Nc5 16. b4 Qxc7 17. bxc5 Bg4 18. cxd6 Qxd6 19. Qc2 Nd7 20. h3 Be6 21. Rfd1 Qa3 22. Rd3 Qa5 23. Bd2 Qb6 24. Be3 Qa5 25. Bd2 Qb6 26. Be3 Qb2 27. Qd1 Qxa2 28. Rxd7 Bxd7 29. Qxd7 Bb2 30. Rc7 Qb1+ 31. Kh2 Be5 32. Nc8 Bxc7 33. Nxe7+ Kh8 34. Qxc7 Qb2 35. e5 b5 36. Bg5 h5 1/2-1/2

[Event "Canadian op"]
[Site "Edmonton"]
[Date "2005.07.13"]
[Round "6"]
[White "Me, Kevin"]
[Black "Breel, Kevin"]
[Result "1-0"]
[WhiteElo "1737"]
[BlackElo "1544"]
[PlyCount "61"]
[EventDate "2005.07.09"]
[EventType "swiss"]
[EventRounds "10"]
[EventCountry "CAN"]
[SourceTitle "CBM 107 Extra"]
[Source "ChessBase"]
[SourceDate "2005.09.01"]
[SourceVersion "1"]
[SourceVersionDate "2005.09.01"]
[SourceQuality "1"]

1. e4 c6 2. d4 d5 3. Nc3 dxe4 4. Nxe4 Bf5 5. Ng3 Bg6 6. h4 h6 7. Nf3 Nd7 8. h5 Bh7 9. Bd3 Bxd3 10. Qxd3 Qc7 11. Bd2 Ngf6 12. 0-0-0 0-0-0 13. Ne4 e6 14. g3 Nxe4 15. Qxe4 Bd6 16. c4 Nf6 17. Qc2 c5 18. Bc3 cxd4 19. Bxd4 e5 20. Be3 Kb8 21. c5 Qa5 22. Kb1 Bc7 23. Qf5 e4 24. Ne5 Rhf8 25. Rxd8+ Rxd8 26. Nxf7 Rd5 27. Qe6 Qb5 28. Rc1 Qd3+ 29. Ka1 Bxg3 30. Nd6 Bxd6 31. cxd6 1-0

[Event "Canadian op"]
[Site "Edmonton"]
[Date "2005.07.09"]
[Round "1"]
[White "Lawson, Eric"]
[Black "Me, Kevin"]
[Result "1-0"]
[WhiteElo "2373"]
[BlackElo "1737"]
[PlyCount "51"]
[EventDate "2005.07.09"]
[EventType "swiss"]
[EventRounds "10"]
[EventCountry "CAN"]
[SourceTitle "CBM 107 Extra"]
[Source "ChessBase"]
[SourceDate "2005.09.01"]
[SourceVersion "1"]
[SourceVersionDate "2005.09.01"]
[SourceQuality "1"]

1. d4 Nf6 2. Bg5 Ne4 3. Bf4 d5 4. e3 e6 5. Bd3 Nf6 6. Nf3 c5 7. c3 Nc6 8. Nbd2 Bd7 9. h3 a6 10. 0-0 b5 11. Re1 cxd4 12. exd4 Qb6 13. Ne5 Be7 14. b4 Rc8 15. Nb3 h6 16. Nxd7 Kxd7 17. a4 Ra8 18. axb5 axb5 19. Qe2 Rxa1 20. Rxa1 Na7 21. Nc5+ Bxc5 22. dxc5 Qb7 23. Qa2 Ra8 24. Qa6 Qxa6 25. Rxa6 Kc8 26. Bxb5 1-0

[Event "CAN-ch U14"]
[Site "Victoria"]
[Date "2005.03.24"]
[Round "2"]
[White "Chung, Kevin"]
[Black "Me, Kevin"]
[Result "1-0"]
[WhiteElo "2029"]
[BlackElo "1762"]
[PlyCount "173"]
[EventDate "2005.03.24"]
[EventType "swiss"]
[EventRounds "7"]
[EventCountry "CAN"]
[SourceTitle "EXT 2006"]
[Source "ChessBase"]
[SourceDate "2005.11.24"]
[SourceVersion "1"]
[SourceVersionDate "2005.11.24"]
[SourceQuality "1"]

1. e4 c5 2. Nf3 d6 3. d4 cxd4 4. Nxd4 Nf6 5. Nc3 a6 6. Be2 e5 7. Nb3 Be6 8. 0-0 Nbd7 9. f4 Be7 10. f5 Bxb3 11. cxb3 b5 12. b4 Qb6+ 13. Kh1 h6 14. a3 Rc8 15. Qd3 0-0 16. Qg3 Kh7 17. Be3 Qb7 18. Bf3 Nb6 19. Bxb6 Qxb6 20. Rad1 Rfd8 21. Qh3 Qe3 22. Rfe1 Qg5 23. g3 h5 24. Qg2 Rc7 25. Qd2 Qxd2 26. Rxd2 g6 27. fxg6+ fxg6 28. Kg2 Kg7 29. Bd1 Rf8 30. Bb3 Rd8 31. h3 g5 32. Re3 Rf8 33. Rf2 Kg6 34. Kf1 Bd8 35. Rd3 Be7 36. Ke2 Rc6 37. Rf1 Rc7 38. Be6 Ra7 39. Ra1 Rb8 40. Kd2 Rab7 41. Kc2 Rb6 42. Kb3 R6b7 43. Rd2 Rb6 44. Bd5 Nd7 45. Rc2 Rf8 46. Be6 Nf6 47. Rac1 Rb7 48. Bf5+ Kh6 49. Nd1 Rfb8 50. Ne3 Bf8 51. Rc6 Ra7 52. Rc8 Rxc8 53. Rxc8 Kg7 54. Kc3 Be7 55. b3 Bf8 56. Kd3 Be7 57. Be6 Nh7 58. Rg8+ Kf6 59. Bf5 Nf8 60. Nd5+ Kf7 61. Nxe7 Rxe7 62. Rxg5 h4 63. gxh4 Ne6 64. Bxe6+ Rxe6 65. Rf5+ Ke7 66. h5 Rh6 67. Ke3 Ke6 68. Rg5 Kf6 69. Rg6+ Rxg6 70. hxg6 Kxg6 71. Kf3 Kh5 72. Kg3 Kg5 73. h4+ Kh5 74. Kh3 Kh6 75. Kg4 Kg6 76. h5+ Kf6 77. h6 Kg6 78. h7 Kxh7 79. Kf5 Kh6 80. Ke6 Kg5 81. Kxd6 Kf4 82. Kd5 Ke3 83. a4 Kd3 84. axb5 axb5 85. Kxe5 Kc3 86. Kd5 Kxb3 87. Kc5 1-0